000 01202nam a22002417a 4500
999 _c63328
_d63328
003 Ge_BSU
005 20250916150148.0
008 250916s2023 ge ||||| |||| 00| 0 geo d
020 _a9789941336287
041 _ageo
080 _a821.581.03=353.1 ი-22
100 _aიან, ძი
_925823
245 _aეპიტაფია :
_b ლექსები /
_c იან ძი; [ლიტერატურული თარგმანი: ნანა შარაშიძე, სანდრო შულაია და ქსენია სიორდია].
264 _aთბილისი :
_bუნივერსალი,
_c2023.
300 _a132 გვ. ;
_b 20 სმ.
653 _aჩინური პოეზია
653 _aთარგმანები ქართულ ენაზე
700 _aშარაშიძე, ნანა
_eმთარგმნელი
_924916
700 _aშულაია, სანდრო
_eმთარგმნელი
_925824
700 _aსიორდია, ქსენია
_eმთარგმნელი
_918128
700 _aYan Zhi
_eავტორი
_925825
942 _2udc
_cᲬᲘᲒᲜᲘ